000 00985nam a22002297a 4500
001 2594
005 20240103161829.0
020 _a9780571336562
040 _aFISKH
_beng
_cFISKH
_dFISKH
050 _aPZ7.S2539
082 _a823.92
100 _aSaunders, Kates
245 _aThe land of Neverendings /
_cKate Saunders
250 _aThis paperback edition first published in 2018
260 _aLondon :
_bFaber & Faber Limited,
_c2017
300 _a317 pages :
_c20cm
505 _aM
520 _aEmily's world is shattered after her sister dies and she finds she misses her sister's teddy bear, Bluey, almost as much as her sister. Then Emily dreams of talking toys who have a message from Bluey, but soon discovers that magic from the toy world is spilling out into the real world with disastrous consequences. Emily must decide whether finding Bluey is worth risking the lives of those she loves
521 _a740
_bLexile
521 _aM
_bRaz-Plus
942 _2ddc
_cBK
_n0
999 _c2594
_d2594